| 000 | 00481nam a2200193Ia 4500 | ||
|---|---|---|---|
| 008 | 220531s9999 xx 000 0 und d | ||
| 041 | _aeng | ||
| 082 |
_a- _bWAL |
||
| 100 |
_aWalunj, S. R. And Others _970783 |
||
| 245 | _aCost And Works Accounting - Iii | ||
| 250 | _a1ST | ||
| 260 |
_aPune _bIDOL Publications _c2014 |
||
| 300 | _aQ-30 | ||
| 542 | _d15-12-2014 | ||
| 551 | _aCommerce | ||
| 650 |
_aCost & Works _970784 |
||
| 906 |
_d2014-2015 _f3405 |
||
| 999 |
_c39623 _d39623 |
||